NLSUI OPAC header image

The sacred and the profane : The nature of religion (Record no. 38883)

MARC details
000 -LEADER
fixed length control field 00975nam a2200217Ia 4500
003 - CONTROL NUMBER IDENTIFIER
control field OSt
005 - DATE AND TIME OF LATEST TRANSACTION
control field 20210423131753.0
008 - FIXED-LENGTH DATA ELEMENTS--GENERAL INFORMATION
fixed length control field 160316s1959 xxu||||| |||| 00| 0 eng d
020 ## - INTERNATIONAL STANDARD BOOK NUMBER
International Standard Book Number 9780156792011
040 ## - CATALOGING SOURCE
Transcribing agency n
082 ## - DEWEY DECIMAL CLASSIFICATION NUMBER
Classification number 290.000000
Item number ELI
100 ## - MAIN ENTRY--PERSONAL NAME
Personal name Eliade Mircea
245 ## - TITLE STATEMENT
Title The sacred and the profane : The nature of religion
260 ## - PUBLICATION, DISTRIBUTION, ETC.
Place of publication, distribution, etc. New York
Name of publisher, distributor, etc. Harcourt, Brace
Date of publication, distribution, etc. 1959
300 ## - PHYSICAL DESCRIPTION
Extent 256p
365 ## - TRADE PRICE
Price amount Gratis
505 ## - FORMATTED CONTENTS NOTE
Formatted contents note Summary: <br/>In The Sacred and the Profane, Mircea Eliade observes that while contemporary people believe their world is entirely profane, or secular, they still at times find themselves connected unconsciously to the memory of something sacred. It's this premise that both drives Eliade's exhaustive exploration of the sacred--as it has manifested in space, time, nature and the cosmos, and life itself--and buttresses his expansive view of the human experience.
650 ## - SUBJECT ADDED ENTRY--TOPICAL TERM
Topical term or geographic name entry element 1. Religion
700 ## - ADDED ENTRY--PERSONAL NAME
Personal name
--
942 ## - ADDED ENTRY ELEMENTS (KOHA)
Source of classification or shelving scheme Dewey Decimal Classification
Koha item type BOOKs
Holdings
Withdrawn status Lost status Damaged status Not for loan Home library Current library Shelving location Date acquired Total Checkouts Full call number Barcode Date last seen Price effective from Koha item type
        . . Library Compactors 30.05.2017   290 ELI 32708 30.05.2017 30.05.2017 BOOKs